| 000 | 01840cam a2200445 a 4500 | ||
|---|---|---|---|
| 001 | 4927615 | ||
| 003 | OSt | ||
| 005 | 20260205142112.0 | ||
| 008 | 951127s1996 cou b 001 0 eng | ||
| 010 | _a 95050932 | ||
| 020 |
_a0813324386 _qalk. paper |
||
| 020 |
_a0813324394 _qalk. paper |
||
| 020 |
_a9780813324388 _q(alk. paper) |
||
| 020 |
_a9780813324395 _q(alk. paper) |
||
| 035 | _a4927615 | ||
| 040 |
_aDLC _cKABLIB _dKABLIB |
||
| 043 | _acl----- | ||
| 050 | 0 | 0 |
_aJC599.L3 _bC66 1996 |
| 082 | 0 | 0 |
_a323.098 _223 _bCON |
| 245 | 0 | 0 |
_aConstructing democracy : _bhuman rights, citizenship, and society in Latin America / _cedited by Elizabeth Jelin and Eric Hershberg. |
| 260 |
_aBoulder, Colo. : _bWestview Press, _c1998. |
||
| 300 |
_ax, 238 p. ; _c24 cm. |
||
| 336 |
_atext _btxt _2rdacontent |
||
| 337 |
_aunmediated _bn _2rdamedia |
||
| 338 |
_avolume _bnc _2rdacarrier |
||
| 500 | _a"Sponsored by the Joint Committee on Latin American Studies of the Social Science Research Council and the American Council of Learned Societies"--Half t.p. verso. | ||
| 504 | _aIncludes bibliographical references and index. | ||
| 650 | 0 |
_aHuman rights _zLatin America. _915373 |
|
| 650 | 0 |
_aCivil rights _zLatin America. _915374 |
|
| 650 | 0 |
_aCitizenship _zLatin America. _915375 |
|
| 650 | 0 |
_aDemocracy _zLatin America. _915130 |
|
| 700 | 1 |
_aJelin, Elizabeth, _d1941- _915376 |
|
| 700 | 1 |
_aHershberg, Eric. _915377 |
|
| 710 | 2 |
_aJoint Committee on Latin American Studies. _915378 |
|
| 856 | 4 | 2 |
_3Publisher description _uhttp://www.loc.gov/catdir/enhancements/fy0833/95050932-d.html |
| 906 |
_a7 _bcbu _corignew _d1 _eocip _f19 _gy-gencatlg |
||
| 942 |
_2ddc _cBOOK |
||
| 999 |
_c6065 _d6065 |
||